00479nam a2200121Ia 4500008004100000100002200041245007900063245004600142260004700188260000900235650002200244856009100266160809s9999 xx 000 0 und d aKanevsky, Lannie. aDO HIGH ABILITY LEARNERS ENJOY LEARNING ALONE OR IN GROUPS? IT DEPENDS…. cLannie Kanevsky Simon Fraser University . bInternational Journal of Special Education c2015 xSPECIAL EDUCATION uhttp://www.internationaljournalofspecialed.com/docs/IJSE%20ENTIRE%20ISSUE%2030%202.pdf